000 00237nam a22001097a 4500
082 _a005.1 VAX'D
100 _aDIGITAL
_925733
245 _aVAX ARCHITECTURE HANDBOOK
260 _aNEWYORK
_bDIGITAL
_c1981
300 _a506P
942 _cBK
999 _c579364
_d579364